Statistics for 2010s Obituaries

Click here to take the quiz!

General Stats

  • This quiz has been taken 23,412 times
    (15,211 since last reset)
  • The average score is 16 of 24

Answer Stats

YearAgeHintPerson% Correct
201282First man on the moonNeil Armstrong
93%
201395First black President of South AfricaNelson Mandela
90%
201156Co-founder of Apple ComputerSteve Jobs
89%
201387Britain's first female Prime MinisterMargaret Thatcher
88%
2011549/11 mastermindOsama Bin Laden
85%
201674He floated like a butterfly and stung like a beeMuhammad Ali
83%
201170Dictator of North KoreaKim Jong-il
82%
201895He invented Spider-Man, Iron Man, the X-Men, and many moreStan Lee
81%
201127She didn't want to go to rehab, no no noAmy Winehouse
80%
201894Former CIA chief elected U.S. President in 1988George H. W. Bush
80%
201669Androgynous rocker also known as Ziggy StardustDavid Bowie
75%
201657He partied like it's 1999Prince
71%
201463He was Mork, Genie, Patch Adams, etc...Robin Williams
70%
201171Dictator of LibyaMuammar Gaddafi
66%
201669His notable roles included Severus Snape and Hans GruberAlan Rickman
65%
201248"Bodyguard" actressWhitney Houston
63%
201179"Cleopatra" actress who was married eight timesElizabeth Taylor
56%
201583He played Spock on "Star Trek"Leonard Nimoy
56%
201485Dimpled child actress who became a U.S. ambassadorShirley Temple Black
54%
201481Red carpet interviewer, comedienne, and plastic surgery patientJoan Rivers
44%
201358Leftist Venezuelan PresidentHugo Chavez
43%
201986President of France from 1995 to 2007Jacques Chirac
41%
201446Three-named actor who starred in "Capote" and "The Master"Philip Seymour Hoffman
41%
201590King of Saudi ArabiaKing Abdullah
22%

Score Distribution

Percentile by Number Answered

Percent of People with Each Score

Your Score History

You have not taken this quiz since the last reset